Statistics for Israel Wars

Click here to take the quiz!

General Stats

  • This quiz has been taken 19 times
  • The average score is 6 of 15

Answer Stats

YearsAnswer% Correct
1967Six Day War
100%
1973Yom Kippur War
94%
1987-1993First Intifada
47%
1982-1985First Lebanon War
47%
2000-2005Second Intifada
47%
2006Second Lebanon War
47%
1947-1949War of Independence
41%
2023-PresentOperation Iron Swords
35%
1967-1970War of Attrition
29%
2012Operation Pillar of Defense
24%
2014Operation Protective Edge
18%
1956Sinai War
18%
2008-2009Operation Cast Lead
12%
2021Operation Guardian of the Walls
12%
1978Operation Litani
12%

Score Distribution

Percentile by Number Answered

Percent of People with Each Score

Your Score History

You have not taken this quiz